Fatehpur-sikri / (Record no. 135139)

MARC details
000 -LEADER
fixed length control field 00736nam a22002417a 4500
005 - DATE AND TIME OF LATEST TRANSACTION
control field 20170124110240.0
010 ## - LIBRARY OF CONGRESS CONTROL NUMBER
LC control number A-294610
020 ## - INTERNATIONAL STANDARD BOOK NUMBER
Terms of availability 00.00
035 ## - SYSTEM CONTROL NUMBER
System control number A-294610
037 ## - SOURCE OF ACQUISITION
Source of stock number/acquisition Cen Lib/Ret
040 ## - CATALOGING SOURCE
Original cataloging agency DPL
Language of cataloging EN
082 ## - DEWEY DECIMAL CLASSIFICATION NUMBER
Classification number 726.1
Item number FAT
245 ## - TITLE STATEMENT
Title Fatehpur-sikri /
Statement of responsibility, etc edited by Michael Brand [and] Glenn D. Lowry
246 ## - VARYING FORM OF TITLE
Remainder of title
260 ## - PUBLICATION, DISTRIBUTION, ETC. (IMPRINT)
Place of publication, distribution, etc Bombay
Name of publisher, distributor, etc Marg Publications
Date of publication, distribution, etc 1987
270 ## - ADDRESS
City Bombay
Address Mahatma gandhi road
Postal code 400023
300 ## - PHYSICAL DESCRIPTION
Extent xii, 204p. :
Dimensions 32cm(Hb)
Other physical details ill.
Accompanying material
650 ## - SUBJECT ADDED ENTRY--TOPICAL TERM
Topical term or geographic name as entry element Mughal architecture -- Fatehpur-sikri
9 (RLIN) 94616
650 ## - SUBJECT ADDED ENTRY--TOPICAL TERM
Topical term or geographic name as entry element Medival Indan architecture
9 (RLIN) 94617
700 ## - ADDED ENTRY--PERSONAL NAME
Personal name Brand, Michael
9 (RLIN) 94618
700 ## - ADDED ENTRY--PERSONAL NAME
Personal name Lowry, Glenn D.
9 (RLIN) 94619
942 ## - ADDED ENTRY ELEMENTS (KOHA)
Source of classification or shelving scheme Dewey Decimal Classification
Koha item type English Books
Classification part 726.1
Call number suffix FAT
Holdings
Withdrawn status Lost status Damaged status Not for loan Collection code Home library Current library Date acquired Source of acquisition Cost, normal purchase price Total Checkouts Full call number Barcode Date last seen Copy number Cost, replacement price Price effective from Koha item type
      Not For Loan Reference Central Library Central Library 01/10/2015 Cen Lib/Ret 0.00   726.1 FAT A-294610 01/10/2015 1 0.00 01/10/2015 English Books

© Delhi Public Library
Hit Counter
free hit counter